000 00380nam a2200157Ia 4500
008 151213s9999 xx 000 0 und d
100 _aC.Mc.Daniel
245 _aContemporary Marketing Research
_cC.Mc.Daniel
250 _a3rd
260 _aNew York
_bWest
_c1996
300 _a2748 p.
650 _aMarketing
650 _aMarketing
700 _aC.Mc.Daniel
999 _c1858
_d1858